000 nam a22 a 4500
999 _c4566
_d4566
003 AKMAL
005 20170601084814.0
008 17 s2005 my e 000 0 may d
020 _a9678912589 (kkt.) :
_cRM25.00
040 _cAKMAL
082 0 4 _a346.595066 SYA
_222
090 0 0 _a346.595066
_bSYA
110 1 _aMalaysia
_9400
245 1 0 _aAkta Syarikat 1965 (Akta 125) :
_b(hingga 20hb Januari 2005) /
_cdisusun oleh Lembaga Penyelidikan Undang-undang
260 _aPetaling Jaya :
_bInternational Law Book Services,
_c2005
300 _axx, 396ms. ;
_c24cm.
440 0 _aUNDANG-UNDANG MALAYSIA
_98801
650 0 _aCorporation law
_zMalaysia
_93947
650 0 _aCommercial law
_zMalaysia
_93703
710 2 _aLembaga Penyelidikan Undang-Undang
_98802
710 1 _aMalaysia.
_tAkta Syarikat, 1965 (Akta 125)
_98803
942 _2ddc
_cBOOK